000 00645nam a2200217 i 4500
999 _c18871
_d18871
001 vtls002501190
003 NUKAT
005 20180130090020.0
008 090519s1982 xxka f |001 0 eng c
020 _a0132121425
035 _axx002501190
040 _aNUKAT
_cGD 015/TA
100 1 _aRoden, Martin S.
245 1 0 _aDigital and data communication systems /
_cMartin S. Roden.
260 _aEnglewood Cliffs, N.J. :
_bPrentice-Hall,
_ccop. 1982 .
300 _aXIV, 363 s. :
_bil. ;
_c24 cm.
336 _2rdacontent
_aTekst
_btxt
337 _2rdamedia
_aBez urządzenia pośredniczącego
_bn
338 _2rdacarrier
_aWolumin
_bnc
650 _aPrzetwarzanie sygnałów
_xtechniki cyfrowe.
650 _aTelekomunikacja.
942 _2ddc
_cBK